| 000 | 00721cam a2200229 a 4500 | ||
|---|---|---|---|
| 001 | 000018527 | ||
| 005 | 20200929165822.0 | ||
| 008 | 760603s1972 xxc 000 0 fre d | ||
| 040 |
_aDO-SdBNP _bfre _cLC _dBNPHU |
||
| 050 | 0 | 0 |
_aF1027 _b.C448 |
| 082 |
_ann* _bC468h |
||
| 100 | 1 |
_aChaput-Rolland, Solange. _940062 |
|
| 245 | 1 | 4 |
_aLes heures sauvages / _csolange Chaput-Rolland. |
| 260 |
_aMontréal : _bCercle du Livre de France, _c1972. |
||
| 300 |
_a190 p. ; _c20 cm. |
||
| 490 | 1 |
_aRegards, _v1970-71 |
|
| 651 | 0 |
_aCanada _xEnglish-French Relations. _940063 |
|
| 650 | 0 |
_aNationalism _zQuebec (Province{Rpara} _940064 |
|
| 830 | 0 |
_aRegards ; _v1970-71 _940065 |
|
| 910 | _aCatalogación derivada / LC | ||
| 049 | _aBNGR | ||
| 999 |
_c18047 _d18047 |
||